000 00350nam a2200157Ia 4500
005 20240829024220.0
008 240331s9999 xx 000 0 und d
082 _bHSU
_a800
100 _aHsun, L
245 0 _aWild Grass
260 _aPeking
_bForeign ;language Press
_c1974
300 _a68 p .,
650 _aPoems
650 _aLove
942 _cL
999 _c3105
_d3105